| 000 | 00747cam a22002054a 4500 | ||
|---|---|---|---|
| 005 | 20250605163922.0 | ||
| 008 | 250528s ||||||||||||||||||||||||d | ||
| 035 | _a14429 | ||
| 020 | _a415158176 | ||
| 040 |
_aGR-AtMCL _bgre _dGR-AtMCL _eAACR2 |
||
| 245 | 1 | _aJobs, Technology and People / Psychology Focus | |
| 250 | _a1st | ||
| 260 |
_bRouledge, _c1998 |
||
| 300 | _a164 | ||
| 520 | _aThis book provides an accessible introduction to key issues in occupational psychology. Technology and Work Psychology, Jobs and Tasks, Technology and Personnel, Mental Work, Work Safety in Complex Technological Systems, Team-working and Technology, Concluding Remarks. | ||
| 700 | 1 |
_aChmiel Nik _986 |
|
| 942 | _cBK | ||
| 999 |
_c62 _d62 |
||